[Event "Scarborough CC Jack Frost U2000"]
[Site "Toronto CAN"]
[Date "2011.02.17"]
[Round "7"]
[White "Verde, Pino"]
[Black "Mesiti, Silvano"]
[Result "1-0"]
[WhiteElo "1724"]
[BlackElo "1630"]
[PlyCount "103"]
[GameId "2160767909829714"]
[EventDate "2011.01.06"]
[EventType "swiss"]
[EventRounds "7"]
[EventCountry "CAN"]

1. e4 g6 2. d4 Bg7 3. Nf3 d6 4. Bc4 Nf6 5. Ng5 O-O 6. Qf3 Nc6 7. c3 Bg4 8. Qg3 Qc8 9. Nd2 Nh5 10. Qh4 h6 11. h3 Bd7 12. Ndf3 hxg5 13. Qxg5 Nf6 14. Qxg6 Be6 15. Bxe6 Qxe6 16. d5 Qxe4+ 17. Qxe4 Nxe4 18. dxc6 bxc6 19. Be3 Nxc3 20. Bd4 Nd5 21. Rc1 c5 22. Bxg7 Kxg7 23. Rc4 f6 24. Kd2 Rab8 25. b3 Nb4 26. a3 Nd5 27. Kc2 Rb7 28. h4 Rfb8 29. Nd2 e5 30. g4 Kh6 31. g5+ fxg5 32. hxg5+ Kxg5 33. Nf3+ Kf6 34. Rh6+ Ke7 35. Rh7+ Kf6 36. Rch4 Rg8 37. Nd2 Rg7 38. Ne4+ Kg6 39. R4h6+ Kf5 40. Ng3+ Rxg3 41. fxg3 Rb8 42. Rg7 Ke4 43. Rh4+ Kf3 44. g4 Re8 45. Rh3+ Ke2 46. g5 e4 47. g6 Ne3+ 48. Kc1 Rf8 49. Rf7 Rg8 50. g7 Ng4 51. Rh8 Nf6 52. Rxc7 1-0

[Event "Scarborough CC Jack Frost U2000"]
[Site "Toronto CAN"]
[Date "2011.02.17"]
[Round "7"]
[White "Ward, Dean"]
[Black "Spiliotopoulos, Yakos"]
[Result "1/2-1/2"]
[WhiteElo "1821"]
[BlackElo "1665"]
[PlyCount "68"]
[GameId "2160767909829715"]
[EventDate "2011.01.06"]
[EventType "swiss"]
[EventRounds "7"]
[EventCountry "CAN"]

1. d4 g6 2. e4 Bg7 3. Bc4 d6 4. Qf3 e6 5. c3 Ne7 6. Bg5 Nd7 7. Ne2 h6 8. Be3 a6 9. O-O b6 10. e5 d5 11. Bd3 Bb7 12. Qh3 Nf5 13. Nf4 Nf8 14. Bd2 Qd7 15. Na3 O-O-O 16. Rfe1 Nh7 17. Bxf5 gxf5 18. Nh5 Rdg8 19. Nxg7 Rxg7 20. Qxh6 Rg6 21. Qe3 Qd8 22. g3 Qh4 23. f4 Nf6 24. Re2 Ne4 25. Be1 Rhg8 26. Rg2 Qe7 27. Rc1 Kb8 28. Nb1 f6 29. exf6 Nxf6 30. Nd2 Ng4 31. Qe2 Rh8 32. Nf3 Rgh6 33. Rc2 Ka7 34. Nh4 Qd6 1/2-1/2

[Event "Scarborough CC Jack Frost U2000"]
[Site "Toronto CAN"]
[Date "2011.02.17"]
[Round "7"]
[White "Xie, Peter"]
[Black "Stavropoulos, Greg"]
[Result "0-1"]
[WhiteElo "1631"]
[BlackElo "1926"]
[PlyCount "34"]
[GameId "2160767909829716"]
[EventDate "2011.01.06"]
[EventType "swiss"]
[EventRounds "7"]
[EventCountry "CAN"]

1. e4 c5 2. Nc3 Nc6 3. Nf3 g6 4. g3 Bg7 5. Bg2 Nf6 6. d4 cxd4 7. Nxd4 O-O 8. Be3 d6 9. Nxc6 bxc6 10. e5 Ng4 11. exd6 Nxe3 12. fxe3 exd6 13. Bxc6 Rb8 14. Qd3 Rxb2 15. O-O-O Rb6 16. Bd5 Qc7 17. Kd2 Ba6 0-1

[Event "Scarborough CC Spring Into Summer"]
[Site "Toronto CAN"]
[Date "2011.04.28"]
[Round "1"]
[White "Posaratnanathan, Juliaan"]
[Black "Ferreira, Alex"]
[Result "1/2-1/2"]
[WhiteElo "1902"]
[BlackElo "2093"]
[PlyCount "49"]
[GameId "2160767909704737"]
[EventDate "2011.04.28"]
[EventType "swiss"]
[EventRounds "9"]
[EventCountry "CAN"]
[SourceTitle "EXT 2022"]
[Source "ChessBase"]
[SourceDate "2021.10.06"]
[SourceVersion "1"]
[SourceVersionDate "2021.10.06"]
[SourceQuality "1"]

1. e4 Nf6 2. e5 Nd5 3. d4 d6 4. Nf3 g6 5. Be2 Bg7 6. O-O O-O 7. c4 Nb6 8. Be3 Nc6 9. exd6 cxd6 10. Nc3 Bg4 11. b3 e5 12. d5 Bxf3 13. Bxf3 Nd4 14. Rc1 Nxf3+ 15. Qxf3 Nd7 16. Ne4 f5 17. Nxd6 Qe7 18. Nb5 f4 19. d6 Qf7 20. Bxa7 Qf5 21. Qxb7 Rxa7 22. Nxa7 Kh8 23. c5 e4 24. c6 Ne5 25. c7 1/2-1/2

[Event "Scarborough CC Spring Into Summer"]
[Site "Toronto CAN"]
[Date "2011.05.12"]
[Round "2"]
[White "Bzikot, Robert"]
[Black "Hall, John2"]
[Result "1/2-1/2"]
[WhiteElo "1975"]
[BlackElo "2200"]
[PlyCount "77"]
[GameId "2160767909704738"]
[EventDate "2011.04.28"]
[EventType "swiss"]
[EventRounds "9"]
[EventCountry "CAN"]
[SourceTitle "EXT 2022"]
[Source "ChessBase"]
[SourceDate "2021.10.06"]
[SourceVersion "1"]
[SourceVersionDate "2021.10.06"]
[SourceQuality "1"]

1. e4 d6 2. d4 Nf6 3. Nc3 e5 4. Nf3 Nbd7 5. h3 Be7 6. Be3 O-O 7. Be2 c6 8. Qd2 b5 9. Bd3 Bb7 10. Ne2 exd4 11. Nexd4 c5 12. Nxb5 Nxe4 13. Bxe4 Bxe4 14. Nxd6 Bxf3 15. gxf3 Ne5 16. O-O-O Nxf3 17. Qd5 Nd4 18. Bxd4 cxd4 19. Rxd4 Bf6 20. Rd3 Rb8 21. b3 Qb6 22. Rf3 Qd4 23. Qxd4 Bxd4 24. Rd1 Bc5 25. Ne4 Ba3+ 26. Kd2 f5 27. Ng3 g6 28. Rd3 Rfe8 29. Ne2 Bc5 30. f3 Rb7 31. Nf4 Rbe7 32. Nd5 Re2+ 33. Kc3 Rc8 34. Kb2 Bf8 35. R3d2 Re6 36. c4 Kf7 37. Kc2 Bh6 38. Rg2 Re5 39. Kd3 1/2-1/2

[Event "Scarborough CC Spring Into Summer"]
[Site "Toronto CAN"]
[Date "2011.05.12"]
[Round "2"]
[White "Ferreira, Alex"]
[Black "Sharpe, Sam"]
[Result "1-0"]
[WhiteElo "2093"]
[BlackElo "1920"]
[PlyCount "55"]
[GameId "2160767909704739"]
[EventDate "2011.04.28"]
[EventType "swiss"]
[EventRounds "9"]
[EventCountry "CAN"]
[SourceTitle "EXT 2022"]
[Source "ChessBase"]
[SourceDate "2021.10.06"]
[SourceVersion "1"]
[SourceVersionDate "2021.10.06"]
[SourceQuality "1"]

1. e4 e6 2. d4 d5 3. Nc3 Nf6 4. e5 Nfd7 5. f4 c5 6. Nf3 Nc6 7. Ne2 cxd4 8. Nexd4 Bc5 9. c3 O-O 10. Bd3 Nxd4 11. cxd4 Bb4+ 12. Bd2 Bxd2+ 13. Qxd2 f6 14. O-O f5 15. g4 Nb8 16. gxf5 exf5 17. Rac1 Be6 18. Ng5 Qe7 19. Nxe6 Qxe6 20. Qb4 Qb6 21. Qxb6 axb6 22. Rc7 Rxa2 23. Rxb7 Rxb2 24. Rc1 Rd2 25. Rcc7 Rd8 26. Rxg7+ Kf8 27. Rxh7 Kg8 28. Bxf5 1-0

[Event "Scarborough CC Spring Into Summer"]
[Site "Toronto CAN"]
[Date "2011.05.12"]
[Round "2"]
[White "Krupka, David"]
[Black "Posaratnanathan, Juliaan"]
[Result "1/2-1/2"]
[WhiteElo "2019"]
[BlackElo "1902"]
[PlyCount "50"]
[GameId "2160767909704740"]
[EventDate "2011.04.28"]
[EventType "swiss"]
[EventRounds "9"]
[EventCountry "CAN"]
[SourceTitle "EXT 2022"]
[Source "ChessBase"]
[SourceDate "2021.10.06"]
[SourceVersion "1"]
[SourceVersionDate "2021.10.06"]
[SourceQuality "1"]

1. d4 Nf6 2. c4 e6 3. Nc3 Bb4 4. e3 O-O 5. Nge2 b6 6. a3 Be7 7. e4 d6 8. f3 Nbd7 9. Ng3 Ba6 10. Be2 Re8 11. O-O Bf8 12. Bg5 h6 13. Be3 e5 14. d5 Bc8 15. b4 Nh7 16. Nf5 Ndf6 17. g4 Bxf5 18. gxf5 Nh5 19. Kh1 Be7 20. Rg1 Bg5 21. Bxg5 Nxg5 22. Bf1 Nf4 23. Rg3 Nh5 24. Rg4 Nf4 25. Rg3 Nh5 1/2-1/2

[Event "Scarborough CC Spring Into Summer"]
[Site "Toronto CAN"]
[Date "2011.05.12"]
[Round "2"]
[White "Picana, Andrew"]
[Black "Sherman, Joshua"]
[Result "1-0"]
[WhiteElo "2182"]
[BlackElo "1935"]
[PlyCount "133"]
[GameId "2160767909704741"]
[EventDate "2011.04.28"]
[EventType "swiss"]
[EventRounds "9"]
[EventCountry "CAN"]
[SourceTitle "EXT 2022"]
[Source "ChessBase"]
[SourceDate "2021.10.06"]
[SourceVersion "1"]
[SourceVersionDate "2021.10.06"]
[SourceQuality "1"]

1. c4 Nf6 2. Nc3 e5 3. Nf3 Nc6 4. e3 d6 5. d4 Qe7 6. d5 Nb8 7. e4 g6 8. Be2 Bg7 9. O-O O-O 10. Bg5 h6 11. Bxf6 Bxf6 12. Ne1 a5 13. Nd3 Na6 14. a3 Bd7 15. b4 axb4 16. axb4 Bg7 17. Qb3 f5 18. f3 Qg5 19. Kh1 Kh7 20. Rfe1 Qe7 21. Ra2 fxe4 22. Nxe4 Bf5 23. Rea1 Bxe4 24. fxe4 Rae8 25. Bf3 Rf7 26. Rf2 Ref8 27. Raf1 b6 28. Qa3 Nb8 29. Qa7 Qg5 30. Re1 h5 31. c5 bxc5 32. bxc5 Nd7 33. Qa3 Nf6 34. cxd6 cxd6 35. Qxd6 Ng4 36. Qc5 Nxf2+ 37. Qxf2 Qe7 38. Qe2 Bh6 39. Rd1 Bf4 40. Nxf4 Rxf4 41. d6 Qd7 42. Qd3 R4f6 43. Qd5 Rd8 44. Qxe5 Rxd6 45. Re1 Qe6 46. Qa1 Rd2 47. Qa7+ R2d7 48. Qc5 Rd5 49. Qc7+ R5d7 50. Qg3 Re7 51. h3 Rde8 52. Rd1 Qe5 53. Qh4 Kh6 54. Rd5 Qa1+ 55. Kh2 Re5 56. Qf4+ Kg7 57. Rd7+ R5e7 58. Rd5 Qf6 59. Qg3 Re5 60. Bxh5 Rxd5 61. exd5 Re5 62. Bf3 Rg5 63. Qc7+ Kh6 64. Qc1 Qe5+ 65. Kh1 Kg7 66. d6 Rf5 67. d7 1-0

[Event "Scarborough CC Spring Into Summer"]
[Site "Toronto CAN"]
[Date "2011.05.19"]
[Round "3"]
[White "Ferreira, Alex"]
[Black "Picana, Andrew"]
[Result "1/2-1/2"]
[WhiteElo "2093"]
[BlackElo "2182"]
[PlyCount "117"]
[GameId "2160767909704742"]
[EventDate "2011.04.28"]
[EventType "swiss"]
[EventRounds "9"]
[EventCountry "CAN"]
[SourceTitle "EXT 2022"]
[Source "ChessBase"]
[SourceDate "2021.10.06"]
[SourceVersion "1"]
[SourceVersionDate "2021.10.06"]
[SourceQuality "1"]

1. e4 c5 2. Nf3 d6 3. d4 cxd4 4. Nxd4 Nf6 5. Nc3 a6 6. a4 e5 7. Nf3 Be7 8. Bc4 Bg4 9. h3 Bh5 10. Bg5 Nbd7 11. Qe2 Qc7 12. O-O-O h6 13. Bxf6 Nxf6 14. g4 Bg6 15. Nd5 Nxd5 16. Bxd5 O-O 17. Kb1 Rab8 18. h4 b5 19. axb5 Rxb5 20. Rd3 Rfb8 21. Rb3 Qd7 22. Nd2 Qd8 23. g5 h5 24. Rhh3 Rxb3 25. Rxb3 Rxb3 26. Nxb3 Qb6 27. Qf1 a5 28. f4 exf4 29. Qxf4 a4 30. Nd2 a3 31. Nc4 Qg1+ 32. Ka2 axb2 33. Kxb2 Qa7 34. Qe3 Qxe3 35. Nxe3 Kf8 36. Nf5 f6 37. Kc3 Bxf5 38. exf5 fxg5 39. hxg5 Bxg5 40. Kd3 Ke7 41. Ke2 Kf6 42. Be4 Ke5 43. Kf3 d5 44. Bd3 Bd2 45. Kg3 Be1+ 46. Kf3 Bh4 47. Ke3 Bg3 48. Kf3 Bf4 49. Kg2 Kf6 50. Be2 Kg5 51. Bf3 Be5 52. Kh3 Bf6 53. Kg2 h4 54. Bxd5 Kxf5 55. Bb7 Bc3 56. Kh3 Be1 57. Bc8+ Kf4 58. Bd7 g6 59. Be8 1/2-1/2

[Event "Scarborough CC Spring Into Summer"]
[Site "Toronto CAN"]
[Date "2011.05.19"]
[Round "3"]
[White "Hall, John2"]
[Black "Krupka, David"]
[Result "1/2-1/2"]
[WhiteElo "2200"]
[BlackElo "2019"]
[PlyCount "79"]
[GameId "2160767909704743"]
[EventDate "2011.04.28"]
[EventType "swiss"]
[EventRounds "9"]
[EventCountry "CAN"]
[SourceTitle "EXT 2022"]
[Source "ChessBase"]
[SourceDate "2021.10.06"]
[SourceVersion "1"]
[SourceVersionDate "2021.10.06"]
[SourceQuality "1"]

1. e4 Nc6 2. Nf3 e5 3. d4 exd4 4. Nxd4 Bc5 5. Nxc6 bxc6 6. Bd3 Nf6 7. e5 Nd5 8. Qg4 Kf8 9. O-O Nb4 10. Bg5 Qe8 11. Nc3 d5 12. Qg3 Qe6 13. Na4 Nxd3 14. Qxd3 Bb6 15. Qa3+ Kg8 16. Nxb6 cxb6 17. f4 Qf5 18. Qd6 Qd7 19. Qxd7 Bxd7 20. f5 h6 21. Be7 Re8 22. f6 g6 23. Rad1 Be6 24. Rf4 Kh7 25. Ra4 a5 26. b4 axb4 27. Rxb4 b5 28. a4 bxa4 29. Rxa4 Ra8 30. Rda1 Rxa4 31. Rxa4 g5 32. Ra7 Rc8 33. Bd6 Kg6 34. Kf2 c5 35. Ra5 c4 36. Ke3 Kf5 37. Kd4 h5 38. Ra3 g4 39. Ra7 Kg6 40. c3 1/2-1/2

[Event "Scarborough CC Spring Into Summer"]
[Site "Toronto CAN"]
[Date "2011.05.19"]
[Round "3"]
[White "Sharpe, Sam"]
[Black "Bellissimo, Joseph"]
[Result "0-1"]
[WhiteElo "1920"]
[BlackElo "1984"]
[PlyCount "119"]
[GameId "2160767909704745"]
[EventDate "2011.04.28"]
[EventType "swiss"]
[EventRounds "9"]
[EventCountry "CAN"]
[SourceTitle "EXT 2022"]
[Source "ChessBase"]
[SourceDate "2021.10.06"]
[SourceVersion "1"]
[SourceVersionDate "2021.10.06"]
[SourceQuality "1"]

1. d4 Nf6 2. Nf3 d5 3. g3 e6 4. Bg2 Bd6 5. O-O O-O 6. c4 c6 7. b3 Nbd7 8. Bb2 Re8 9. Nbd2 e5 10. cxd5 cxd5 11. dxe5 Nxe5 12. Nd4 a6 13. h3 Bd7 14. N2f3 Rc8 15. Rc1 Rxc1 16. Qxc1 Nxf3+ 17. exf3 Qb6 18. Rd1 Rc8 19. Qd2 Bc5 20. h4 Qd6 21. Qd3 Re8 22. Bc1 Bxd4 23. Qxd4 Re2 24. a4 Qe7 25. Bg5 Re1+ 26. Rxe1 Qxe1+ 27. Kh2 Qe6 28. Bxf6 gxf6 29. f4 Bc6 30. a5 Kg7 31. Bf3 Kf8 32. Kg2 Qd6 33. b4 Ke7 34. Bg4 Kd8 35. Qb6+ Ke8 36. Qd4 h6 37. Bf5 Qe7 38. Kh3 h5 39. Qe3 Bd7 40. Bxd7+ Kxd7 41. Qxe7+ Kxe7 42. Kg2 f5 43. Kf3 d4 44. Ke2 Kd6 45. Kd3 Kd5 46. f3 f6 47. g4 fxg4 48. fxg4 hxg4 49. h5 g3 50. h6 g2 51. h7 g1=Q 52. h8=Q Qe3+ 53. Kc2 Qc3+ 54. Kd1 d3 55. Qg8+ Kd4 56. Qg1+ Kc4 57. Qc5+ Kb3 58. f5 Qxc5 59. bxc5 Kc3 60. Kc1 0-1

[Event "Scarborough CC Spring Into Summer"]
[Site "Toronto CAN"]
[Date "2011.05.19"]
[Round "3"]
[White "Wiebe, Daniel"]
[Black "Casareno, Erwin"]
[Result "1-0"]
[WhiteElo "1946"]
[BlackElo "2164"]
[PlyCount "69"]
[GameId "2160767909704746"]
[EventDate "2011.04.28"]
[EventType "swiss"]
[EventRounds "9"]
[EventCountry "CAN"]
[SourceTitle "EXT 2022"]
[Source "ChessBase"]
[SourceDate "2021.10.06"]
[SourceVersion "1"]
[SourceVersionDate "2021.10.06"]
[SourceQuality "1"]

1. e4 c6 2. d4 d5 3. exd5 cxd5 4. c4 e6 5. Nc3 Nf6 6. Nf3 Be7 7. cxd5 Nxd5 8. Bd3 Nc6 9. a3 Bf6 10. Bc2 Qa5 11. O-O Nxc3 12. bxc3 Qxc3 13. Rb1 O-O 14. Bb2 Qa5 15. Qd3 Qh5 16. Rfe1 Rd8 17. Qe4 g6 18. Ne5 Bd7 19. Ng4 Bg7 20. Qf3 Qg5 21. Bc1 Qh4 22. Re4 Qh5 23. Nf6+ Bxf6 24. Qxf6 Qf5 25. Qh4 Nxd4 26. Bb2 Nxc2 27. Qh6 f6 28. Rh4 Bc6 29. Qxh7+ Kf8 30. Qh8+ Ke7 31. Bxf6+ Kd7 32. Rh7+ Kd6 33. Rd1+ Bd5 34. Bxd8 b5 35. Qc3 1-0

[Event "Scarborough CC Spring Into Summer"]
[Site "Toronto CAN"]
[Date "2011.05.19"]
[Round "3"]
[White "Wu, Kevin"]
[Black "Bzikot, Robert"]
[Result "1-0"]
[WhiteElo "2137"]
[BlackElo "1975"]
[PlyCount "53"]
[GameId "2160767909704747"]
[EventDate "2011.04.28"]
[EventType "swiss"]
[EventRounds "9"]
[EventCountry "CAN"]
[SourceTitle "EXT 2022"]
[Source "ChessBase"]
[SourceDate "2021.10.06"]
[SourceVersion "1"]
[SourceVersionDate "2021.10.06"]
[SourceQuality "1"]

1. e4 d6 2. d4 Nf6 3. Nc3 g6 4. Bg5 c6 5. Qd2 b5 6. a3 Nbd7 7. Nf3 a6 8. Be2 Qc7 9. O-O Bb7 10. Bh6 c5 11. Bxf8 Rxf8 12. Rfe1 Bxe4 13. Bxb5 Bxf3 14. Bxd7+ Nxd7 15. gxf3 e6 16. Nd5 Qd8 17. Qf4 Qb8 18. Rad1 Kd8 19. Qh4+ Kc8 20. Ne7+ Kc7 21. dxc5 Nxc5 22. b4 Nd7 23. Qc4+ Kb7 24. Qc6+ Ka7 25. Qxd7+ Qb7 26. Qxd6 Rad8 27. Nc6+ 1-0

[Event "Scarborough CC Spring Into Summer"]
[Site "Toronto CAN"]
[Date "2011.05.26"]
[Round "4"]
[White "Krupka, David"]
[Black "Southam, David"]
[Result "1/2-1/2"]
[WhiteElo "2019"]
[BlackElo "2101"]
[PlyCount "45"]
[GameId "2160767909704748"]
[EventDate "2011.04.28"]
[EventType "swiss"]
[EventRounds "9"]
[EventCountry "CAN"]
[SourceTitle "EXT 2022"]
[Source "ChessBase"]
[SourceDate "2021.10.06"]
[SourceVersion "1"]
[SourceVersionDate "2021.10.06"]
[SourceQuality "1"]

1. d4 Nf6 2. c4 g6 3. Nc3 Bg7 4. e4 d6 5. f3 O-O 6. Be3 Nc6 7. Qd2 a6 8. Nge2 Rb8 9. Ng3 e5 10. dxe5 dxe5 11. Qxd8 Rxd8 12. Nd5 Nd4 13. Bxd4 Nxd5 14. Ba7 Ra8 15. cxd5 Rxa7 16. Bc4 Bf8 17. Rc1 Bd6 18. O-O Bd7 19. Ne2 Raa8 20. Bd3 Rf8 21. Rc2 Rac8 22. Rfc1 Kg7 23. Ng3 1/2-1/2

[Event "Scarborough CC Spring Into Summer"]
[Site "Toronto CAN"]
[Date "2011.05.26"]
[Round "4"]
[White "Lin, Tony"]
[Black "Hall, John2"]
[Result "1/2-1/2"]
[WhiteElo "2023"]
[BlackElo "2200"]
[PlyCount "73"]
[GameId "2160767909704749"]
[EventDate "2011.04.28"]
[EventType "swiss"]
[EventRounds "9"]
[EventCountry "CAN"]
[SourceTitle "EXT 2022"]
[Source "ChessBase"]
[SourceDate "2021.10.06"]
[SourceVersion "1"]
[SourceVersionDate "2021.10.06"]
[SourceQuality "1"]

1. d4 g6 2. Nf3 Bg7 3. c3 Nf6 4. Bg5 O-O 5. Nbd2 d5 6. e3 Nbd7 7. Be2 c5 8. O-O b6 9. b4 a5 10. bxc5 bxc5 11. Qa4 h6 12. Bh4 g5 13. Bg3 Nh5 14. Qa3 Nxg3 15. hxg3 Qc7 16. Rac1 e5 17. dxe5 Nxe5 18. Nxe5 Bxe5 19. Nf3 Bf6 20. Rfd1 Rd8 21. c4 d4 22. exd4 cxd4 23. Bd3 Bb7 24. Bb1 Qc6 25. Qb3 Rab8 26. Qb5 g4 27. Ne1 Re8 28. Qxc6 Bxc6 29. Nc2 Ba4 30. Rf1 Kg7 31. Na3 h5 32. Nb5 Be5 33. Rfe1 f6 34. Re4 Rbd8 35. Na3 Rb8 36. Nb5 Rbd8 37. Na3 1/2-1/2

[Event "Scarborough CC Spring Into Summer"]
[Site "Toronto CAN"]
[Date "2011.05.26"]
[Round "4"]
[White "Mesiti, Silvano"]
[Black "Sharpe, Sam"]
[Result "0-1"]
[WhiteElo "1666"]
[BlackElo "1920"]
[PlyCount "96"]
[GameId "2160767909704750"]
[EventDate "2011.04.28"]
[EventType "swiss"]
[EventRounds "9"]
[EventCountry "CAN"]
[SourceTitle "EXT 2022"]
[Source "ChessBase"]
[SourceDate "2021.10.06"]
[SourceVersion "1"]
[SourceVersionDate "2021.10.06"]
[SourceQuality "1"]

1. e4 g6 2. d4 Bg7 3. c3 d6 4. Nf3 Nd7 5. Bc4 e6 6. Bg5 Ne7 7. Qb3 Nb6 8. Bb5+ Bd7 9. Na3 a6 10. Bxd7+ Qxd7 11. Bxe7 Qxe7 12. e5 dxe5 13. Nxe5 Bxe5 14. dxe5 O-O 15. O-O Qc5 16. Rfe1 Rad8 17. Rad1 Rd5 18. Rxd5 Qxd5 19. c4 Qd4 20. Qc2 Rd8 21. Kf1 Kg7 22. Qe2 c5 23. b3 Nc8 24. Rc1 Ne7 25. Nb1 Nc6 26. Re1 Nb4 27. a3 Nc6 28. g3 Qd3 29. b4 cxb4 30. axb4 Nxb4 31. Rc1 Nc6 32. Nc3 Nxe5 33. Ne4 Qxe2+ 34. Kxe2 Rd4 35. Nd2 Nc6 36. Rb1 Rd7 37. Nb3 Nd4+ 38. Nxd4 Rxd4 39. Rxb7 Rxc4 40. Ra7 Ra4 41. h4 h5 42. f4 Ra3 43. Kf2 Kf6 44. Rc7 Ra1 45. Kf3 a5 46. Rc3 a4 47. Ke4 a3 48. Kd4 Rd1+ 0-1

[Event "Scarborough CC Spring Into Summer"]
[Site "Toronto CAN"]
[Date "2011.05.26"]
[Round "4"]
[White "Picana, Andrew"]
[Black "Wiebe, Daniel"]
[Result "1/2-1/2"]
[WhiteElo "2182"]
[BlackElo "1946"]
[PlyCount "72"]
[GameId "2160767909704751"]
[EventDate "2011.04.28"]
[EventType "swiss"]
[EventRounds "9"]
[EventCountry "CAN"]
[SourceTitle "EXT 2022"]
[Source "ChessBase"]
[SourceDate "2021.10.06"]
[SourceVersion "1"]
[SourceVersionDate "2021.10.06"]
[SourceQuality "1"]

1. c4 Nf6 2. Nc3 g6 3. Nf3 d5 4. d4 Bg7 5. Bf4 O-O 6. e3 c5 7. dxc5 Qa5 8. Be5 dxc4 9. Bxc4 Nc6 10. O-O Nxe5 11. Nxe5 Qxc5 12. Qd4 Qxd4 13. exd4 Ng4 14. Nf3 e6 15. h3 Nf6 16. Rfe1 b6 17. Ne5 Bb7 18. Nb5 Rfd8 19. Rac1 Bh6 20. Rcd1 Nd5 21. g3 a6 22. Na3 Rd6 23. Bb3 Rad8 24. Nac4 b5 25. Nxd6 Rxd6 26. Nd3 Ne7 27. Nc5 Ba8 28. a4 b4 29. Bc4 a5 30. Bb5 Bb7 31. Nb3 Nf5 32. Nxa5 Nxd4 33. Nc4 Nf3+ 34. Kf1 Nh2+ 35. Kg1 Nf3+ 36. Kf1 Nh2+ 1/2-1/2

[Event "Scarborough CC Spring Into Summer"]
[Site "Toronto CAN"]
[Date "2011.06.02"]
[Round "5"]
[White "Bellissimo, Joseph"]
[Black "Picana, Andrew"]
[Result "1-0"]
[WhiteElo "1984"]
[BlackElo "2182"]
[PlyCount "71"]
[GameId "2160767909704755"]
[EventDate "2011.04.28"]
[EventType "swiss"]
[EventRounds "9"]
[EventCountry "CAN"]
[SourceTitle "EXT 2022"]
[Source "ChessBase"]
[SourceDate "2021.10.06"]
[SourceVersion "1"]
[SourceVersionDate "2021.10.06"]
[SourceQuality "1"]

1. e4 c5 2. Nf3 d6 3. d4 cxd4 4. Nxd4 Nf6 5. Nc3 a6 6. Bc4 e6 7. Bb3 Be7 8. f4 Qc7 9. O-O Nc6 10. Be3 Bd7 11. Qf3 O-O 12. Rad1 Na5 13. f5 Nxb3 14. cxb3 b5 15. a3 Rad8 16. g4 d5 17. exd5 exd5 18. g5 Ne4 19. Nxd5 Qe5 20. Nxe7+ Qxe7 21. f6 Qe5 22. Bf4 Qd5 23. fxg7 Rfe8 24. Rfe1 Qa8 25. Rf1 Nc5 26. Qh5 Qe4 27. Bc7 Qg4+ 28. Qxg4 Bxg4 29. Bxd8 Bxd1 30. Bb6 Nd7 31. Rxd1 Nxb6 32. Nf5 Nc8 33. h4 h5 34. gxh6 Kh7 35. h5 Ne7 36. Nxe7 1-0

[Event "Scarborough CC Spring Into Summer"]
[Site "Toronto CAN"]
[Date "2011.06.02"]
[Round "5"]
[White "Bzikot, Robert"]
[Black "Posaratnanathan, Juliaan"]
[Result "1-0"]
[WhiteElo "1975"]
[BlackElo "1902"]
[PlyCount "47"]
[GameId "2160767909704756"]
[EventDate "2011.04.28"]
[EventType "swiss"]
[EventRounds "9"]
[EventCountry "CAN"]
[SourceTitle "EXT 2022"]
[Source "ChessBase"]
[SourceDate "2021.10.06"]
[SourceVersion "1"]
[SourceVersionDate "2021.10.06"]
[SourceQuality "1"]

1. e4 c5 2. Nc3 Nc6 3. g3 g6 4. Bg2 Bg7 5. d3 d6 6. f4 Rb8 7. a4 a6 8. Nf3 Nf6 9. O-O O-O 10. h3 b5 11. axb5 axb5 12. g4 e5 13. fxe5 Nxe5 14. Nxe5 dxe5 15. Bg5 Qd6 16. Qf3 Ne8 17. Nd5 f6 18. Be3 Be6 19. Qf2 Rc8 20. Ra5 Bd7 21. Rfa1 Nc7 22. Bxc5 Qe6 23. Bxf8 Kxf8 24. Qc5+ 1-0

[Event "Scarborough CC Spring Into Summer"]
[Site "Toronto CAN"]
[Date "2011.06.09"]
[Round "6"]
[White "Ferreira, Alex"]
[Black "Lin, Tony (Juntao)"]
[Result "1-0"]
[WhiteElo "2093"]
[BlackElo "2023"]
[PlyCount "51"]
[GameId "2160767909704759"]
[EventDate "2011.04.28"]
[EventType "swiss"]
[EventRounds "9"]
[EventCountry "CAN"]

1. g4 d5 2. Bg2 c6 3. e3 e5 4. d4 e4 5. c4 h5 6. gxh5 Nf6 7. cxd5 cxd5 8. Nc3 Nc6 9. Bd2 a6 10. Nge2 Bd6 11. Ng3 Nb4 12. O-O Qc7 13. Rc1 Qb8 14. Ncxe4 Nxe4 15. Bxe4 Nxa2 16. Rxc8+ Qxc8 17. Bxd5 Qh3 18. Bxa2 Bxg3 19. fxg3 O-O 20. Qf3 Qd7 21. h6 gxh6 22. Qf6 Rac8 23. Qg6+ Kh8 24. Qxh6+ Kg8 25. Qg6+ Kh8 26. Bxf7 1-0

[Event "Scarborough CC Spring Into Summer"]
[Site "Toronto CAN"]
[Date "2011.06.09"]
[Round "6"]
[White "Guo, Joshua"]
[Black "Wiebe, Daniel"]
[Result "1-0"]
[WhiteElo "2272"]
[BlackElo "1946"]
[PlyCount "87"]
[GameId "2160767909704760"]
[EventDate "2011.04.28"]
[EventType "swiss"]
[EventRounds "9"]
[EventCountry "CAN"]

1. e4 c5 2. Nf3 d6 3. d4 cxd4 4. Nxd4 Nf6 5. f3 a6 6. c4 g6 7. Be3 Bg7 8. Nc3 O-O 9. Be2 Nc6 10. Qd2 Bd7 11. O-O Qa5 12. Nb3 Qd8 13. Rac1 Ne5 14. Nd5 Nxd5 15. cxd5 Rc8 16. Na5 Rxc1 17. Rxc1 Qb8 18. Qb4 b5 19. Nc6 Bxc6 20. dxc6 Rc8 21. Qa5 Rxc6 22. Rxc6 Nxc6 23. Qxa6 Nd4 24. Bd3 h5 25. b4 Qc7 26. Bxb5 Qc3 27. Bf2 Qxb4 28. Bf1 Kh7 29. Qc4 Qxc4 30. Bxc4 Kg8 31. a4 Nc6 32. Kf1 Bc3 33. Be1 Bxe1 34. Kxe1 Kg7 35. Bb5 Nd4 36. Kd2 f5 37. Kc3 Ne6 38. a5 Nc7 39. Bc6 Kf6 40. Kd3 Ke5 41. Bb7 fxe4+ 42. fxe4 g5 43. a6 Nxa6 44. Bxa6 1-0

[Event "Scarborough CC Spring Into Summer"]
[Site "Toronto CAN"]
[Date "2011.06.09"]
[Round "6"]
[White "Krupka, David"]
[Black "Bzikot, Robert"]
[Result "1/2-1/2"]
[WhiteElo "2019"]
[BlackElo "1975"]
[PlyCount "67"]
[GameId "2160767909704761"]
[EventDate "2011.04.28"]
[EventType "swiss"]
[EventRounds "9"]
[EventCountry "CAN"]
[SourceTitle "EXT 2022"]
[Source "ChessBase"]
[SourceDate "2021.10.06"]
[SourceVersion "1"]
[SourceVersionDate "2021.10.06"]
[SourceQuality "1"]

1. d4 Nf6 2. c4 g6 3. Nc3 Bg7 4. e4 d6 5. f3 O-O 6. Be3 Nc6 7. Qd2 e5 8. Nge2 Rb8 9. d5 Ne7 10. Bxa7 Ra8 11. Be3 Ne8 12. Nc1 f5 13. Be2 f4 14. Bf2 g5 15. Nd3 Ng6 16. c5 h5 17. b3 g4 18. O-O-O Rf7 19. Rhe1 Bd7 20. Kb1 Qb8 21. Nb2 Bf8 22. c6 Bc8 23. Bc4 Nf6 24. Rc1 Kh7 25. Rh1 Bh6 26. Qc2 Rg7 27. Rcg1 Ne7 28. cxb7 Qxb7 29. Be2 Bd7 30. Rc1 Ng6 31. Qd3 Rb8 32. Rc2 Be8 33. Be1 Nf8 34. Bf2 1/2-1/2